Allama Inayatullah Mashraqi : (Record no. 524170)

000 -LEADER
fixed length control field 00429nam a22001457a 4500
020 ## - INTERNATIONAL STANDARD BOOK NUMBER
International Standard Book Number 9780195791587
040 ## - CATALOGING SOURCE
Transcribing agency NUST
082 ## - DEWEY DECIMAL CLASSIFICATION NUMBER
Classification number 322.42092
Author Mark ASL
100 ## - MAIN ENTRY--PERSONAL NAME
Personal name Aslam Malik, Muhammad
9 (RLIN) 14991
245 ## - TITLE STATEMENT
Title Allama Inayatullah Mashraqi :
Remainder of title A political biography /
Statement of responsibility, etc. Muhammad Aslam Malik.
260 ## - PUBLICATION, DISTRIBUTION, ETC.
Place of publication, distribution, etc. New York :
Name of publisher, distributor, etc. Oxford university press,
Date of publication, distribution, etc. 2004.
300 ## - PHYSICAL DESCRIPTION
Extent 264 p. ;
Dimensions 20 cm.
500 ## - GENERAL NOTE
General note Includes indexes.
942 ## - ADDED ENTRY ELEMENTS (KOHA)
Source of classification or shelving scheme
Koha item type Book
Holdings
Withdrawn status Lost status Source of classification or shelving scheme Damaged status Not for loan Permanent Location Current Location Date acquired Total Checkouts Full call number Barcode Date last seen Price effective from Koha item type
          Central Library (CL) Central Library (CL) 06/18/2019   322.42092 ASL CL-D-414 06/18/2019 06/18/2019 Book
© 2023 Central Library, National University of Sciences and Technology. All Rights Reserved.